00780nam a22001817a 450000500170000001000150001702000270003203500130005903700130007208200100008524503270009526000390042227000390046130000280050050000190052870000200054770000310056720100814161832.0 aENG-100421 a9788184244205c2500.00 aEN-83954 bDBAD/PUB a658.4 aKnowledge management and intellectual capital emerging perspectives :bbased on the paper presented at the international conference on knowledge management and intellectual capital at institute of management technology, Ghaziabad, India 26th & 27th February 2009 /cedited by Surinder Batra [and] Francisco Javier Carrillo aNew DelhibAllied Publishersc2009 aA-104 mayapuri Phase IIbNew Delhi axviii, 926p.c24cm (Hb) aIncluded index aBatra, Surinder aCarrillo, Francisco Javier